01370nam a2200313Ia 4500001001200000003000800012006001900020007001500039008004100054020001500095040002100110035002000131050002800151100002200179245013300201260004100334300002400375490008400399504005100483533015200534650003500686650002400721650003400745650002400779655002900803710001700832830008100849856012600930ebr10053267CaPaEBRm u cr cn|||||||||040627s2002 nyua gsb 001 0 eng d z0306473291 aCaPaEBRcCaPaEBR a(OCoLC)7074554314aTK5103.452b.C34 2002eb1 aCaffery, James J.10aWireless location in CDMA cellular radio systemsh[electronic resource] /cJames J. Caffery, Jr. ; foreword by Gordon L. Stuber. aNew York :bKluwer Academic,cc2002. aXVI, 189 p. :bill.1 aThe Kluwer international series in engineering and computer science ;vSECS 535 aIncludes bibliographical references and index. aElectronic reproduction.bPalo Alto, Calif. :cebrary,d2011.nAvailable via World Wide Web.nAccess may be limited to ebrary affiliated libraries. 0aCode division multiple access. 0aCell phone systems. 0aMobile communication systems. 0aAutomatic tracking. 7aElectronic books.2local2 aebrary, Inc. 0aKluwer international series in engineering and computer science ;vSECS 535.40uhttp://site.ebrary.com/lib/rucke/Doc?id=10053267zAn electronic book accessible through the World Wide Web; click to view